000 00855nam a2200241 a 4500
001 41385
003 BD-RjUL
005 20211209053358.0
008 160529s1978 bg ||||| |||| 00| f ben d
020 _c: Tk. 35.00
035 _a(BD-RjUL) 41502
040 _aBD-RjUL
_bben
_cBD-RjUL
041 _aben
082 _223
_a843
_bSAJ 1978
100 1 _aসার্ত, জাঁ পল
_9127243
245 1 0 _aযখন সুমতি /
_cজাঁ পল সার্ত ; শহীদ আখন্দ
260 _aঢাকা :
_bবাংলা একাডেমী,
_c১৯৭৮
300 _a[১১], ৪৮৮ পৃ. ;
_c২১ সেমি.
650 _aফ্রেঞ্চ উপন্যাস
_9122969
650 _aFrench Fiction
_9122841
700 _aআখন্দ, শহীদ, অনূদিত
_9127244
942 _2ddc
_cBK
999 _c41385
_d41385